000
00252nam a2200121Ia 4500
100
_a
PAI/ ANANT
650
_a
General
942
_c
BK
245
_a
HOW TO DEVELOP SUPER MEMORY
260
_b
Ubspd
_a
New Delhi
_c
1998
300
_a
93
546
_a
ENGLISH
999
_c
19990
_d
19990